[Event "HCL-B3833"]
[Site "www.playchess.de"]
[Date "2006.01.20"]
[Round "18"]
[White "PhilipKaveny"]
[Black "djpnola"]
[WhiteElo "1353"]
[BlackElo "1162"]
[PlyCount "33"]
[Result "1-0"]

1.e4 e5 2.f4 Nc6 3.Nf3 Bd6 4.fxe5 Nxe5 5.d4 Nxf3+ 
6.Qxf3 f6 7.Bd3 b6 8.e5 fxe5 9.Qh5+ g6 10.Bxg6+ 
Ke7 11.Bg5+ Nf6 12.Bxf6+ Kxf6 13.O-O+ Ke6 14.Bf5+ 
Kd5 15.Qf3+ Kxd4 16.Qxa8 {Sorry to be such a 
materialist}  Bc5 {Accumulate capital; own the 
world.
}  17.Qe4+ {Did I mention I am a theoretical 
Marxist Frankfort school. Also you will figure out 
my game and beat me}  1-0

[Event "HCL-C4080"]
[Site "www.playchess.de"]
[Date "2006.01.20"]
[Round "2"]
[White "happydollar"]
[Black "german273"]
[WhiteElo "800"]
[BlackElo "800"]
[PlyCount "53"]
[Result "1-0"]

1.d4 {hi, good luck!!!}  e6 2.e4 Nc6 3.Nf3 Nf6 
4.Bd3 Ng4 5.h3 Nh6 6.O-O a6 7.Re1 {i think mexico 
will win footbal world cup
}  Bb4 {i hope that}  8.c3 {how many games u 
playing at the moment..chess?}  Ba5 9.d5 exd5 {im 
playing only this one but im playing another 
things :P}  10.exd5+ {ok...i win your knight}  Ne7 
11.b4 {no}  Bb6 12.b5 axb5 13.Bxb5 {what time in 
mexico}  Ra5 14.a4 O-O 15.Nh4 {morning mehico}  
Ng6 16.Nf3 {good afternoon then}  Nf5 17.c4 Nfh4 
18.Nc3 Qf6 19.Ra2 Qxc3 20.Re3 Qf6 21.Bb2 Qd8 
22.Re4 Nxf3+ 23.Qxf3 f5 24.Re2 Nh4 25.Qh5 g6 
26.Qh6 c6 27.Qg7+ {good day and goodbye!!} 
 1-0

[Event "HCL-E1548"]
[Site "www.playchess.de"]
[Date "2006.01.20"]
[Round "2"]
[White "Eishockeytorwart"]
[Black "redstar"]
[WhiteElo "1979"]
[BlackElo "1737"]
[PlyCount "23"]
[Result "1-0"]

1.e4 {welcome from germany}  c5 {Hello, we meet 
again}  2.Nf3 e6 3.Nc3 Nc6 4.Bb5 a6 5.Bxc6 bxc6 
6.O-O d5 7.d3 Nf6 8.Bg5 Be7 9.Re1 Rb8 10.b3 h6 
11.Bf4 O-O 12.Bxb8 1-0

[Event "HCL-A2547"]
[Site "www.playchess.de"]
[Date "2006.01.20"]
[Round "1"]
[White "tomy"]
[Black "yannick"]
[WhiteElo "1541"]
[BlackElo "1620"]
[PlyCount "54"]
[Result "0-1"]

1.e4 d6 {Bonjour,bonne partie}  2.d4 {salut toi 
aussi}  Nf6 3.Nc3 g6 4.f4 Bg7 5.Nf3 c5 6.dxc5 Qa5 
7.Bd2 Qxc5 8.Bb5+ Bd7 9.Bxd7+ Nbxd7 10.Qe2 O-O 
11.O-O-O e5 12.Be3 Qc6 13.f5 Nxe4 14.Nxe4 Qxe4 
15.fxg6 Qxg6 16.g4 Qxg4 17.Rdg1 Qe6 18.Kb1 f5 
19.Ng5 Qd5 {bonsoir,je croyais que tu avais 
disparu après tout ce temps écoulé.amicalement.yannick} 
 20.c4 {non mais vacances et la position me posait 
probleme. j'ai utilisé mon temps. désolé}  Qc6 
{ok,je comprends}  21.Ne6 Qe4+ 22.Ka1 Rf7 23.Nxg7 
Rxg7 24.Rxg7+ Kxg7 25.Rg1+ Kh8 26.Qf2 f4 27.Rg4 
Qxe3 0-1

[Event "HCL-B3698"]
[Site "www.playchess.de"]
[Date "2006.01.20"]
[Round "4"]
[White "ama49"]
[Black "spartan1"]
[WhiteElo "1142"]
[BlackElo "860"]
[PlyCount "117"]
[Result "1-0"]

1.e4 {Greetings from Scotland}  e5 {And greetings 
from Michigan. Looking forward to a good game.}  
2.Nf3 d6 3.d4 Bg4 4.dxe5 Bxf3 5.Qxf3 dxe5 6.Bb5+ 
c6 7.Bc4 Nf6 8.Bg5 Be7 9.O-O O-O 10.Nc3 b5 11.Bb3 
Nbd7 12.Rad1 Bb4 13.a3 Bxc3 14.Qxc3 Qc7 15.h3 Nxe4 
16.Qe3 Ndc5 17.Ba2 a5 18.f3 Ng3 19.Qxc5 Nxf1 
20.Kxf1 Rae8 21.Rd6 Kh8 22.Rxc6 Qd7 23.Rc7 Qf5 
24.f4 h6 25.Bh4 Qxf4+ 26.Qf2 Qxf2+ 27.Kxf2 e4 
28.Ke3 f5 29.Be7 Rec8 {That really hurt.}  30.Rxc8 
Rxc8 31.c3 Rc7 32.Bd6 Rc6 33.Be5 Rc5 34.Bd4 Rc7 
35.Be6 b4 36.axb4 axb4 37.c4 b3 38.Bxf5 Rxc4 
39.Bxe4 Rc1 40.Bd5 Re1+ 41.Kd2 Re7 42.Bxb3 Rb7 
43.Bc2 Rf7 44.Be4 Rf4 45.Ke3 Rf1 46.Bf3 Kh7 47.b4 
Rb1 48.Bc5 Rb3+ 49.Ke4 g5 50.Kf5 Kg7 51.Kg4 Kf6 
52.Bc6 Rb2 53.b5 Kf7 {I thought sure that you 
would have moved your B from C5 to D4}  54.b6 {I 
would have if I had seen it!!}  Rxg2+ 55.Bxg2 Ke8 
56.b7 Kd8 57.b8Q+ Kd7 58.Qd6+ Ke8 59.Qe7+ {gg} 
 1-0

[Event "HCL-B3842"]
[Site "www.playchess.de"]
[Date "2006.01.20"]
[Round "9"]
[White "Bense"]
[Black "nichju"]
[WhiteElo "1097"]
[BlackElo "1004"]
[PlyCount "46"]
[Result "0-1"]

1.e4 e5 2.d3 Nc6 3.f3 Nf6 4.c3 Bc5 5.Ne2 d6 6.h4 
Be6 7.f4 O-O 8.g3 d5 9.b4 Bb6 10.fxe5 Nxe5 11.Nf4 
dxe4 12.d4 Nf3+ 13.Kf2 Ng4+ 14.Ke2 Bc4+ 15.Nd3 
Bxd3+ 16.Qxd3 exd3+ 17.Kxf3 h5 18.Bxd3 Qd5+ 19.Ke2 
Qxh1 20.Bd2 Rae8+ 21.Be3 Rxe3+ 22.Kd2 Qg2+ 23.Kc1 
Re1+ 0-1

[Event "HCL-B3826"]
[Site "www.playchess.de"]
[Date "2006.01.20"]
[Round "5"]
[White "chessH"]
[Black "torbalan"]
[WhiteElo "1275"]
[BlackElo "1294"]
[PlyCount "85"]
[Result "1-0"]

1.e4 d5 2.exd5 Qxd5 3.Nf3 c6 4.Nc3 Qd8 5.d4 h6 
6.Bd3 Nf6 7.O-O b5 8.a3 e6 9.Re1 Bd6 10.h3 a6 
11.Ne4 Nxe4 12.Bxe4 Bb7 13.Ne5 Nd7 14.Qh5 Nxe5 
15.dxe5 Be7 16.Be3 Qc7 17.f4 c5 18.Bxb7 Qxb7 19.f5 
exf5 20.Rad1 g6 21.Qe2 h5 22.Bf4 O-O 23.e6 Bf6 
24.exf7+ Rxf7 25.Qe6 Kg7 26.Rd6 Rd8 27.Red1 Rxd6 
28.Rxd6 a5 29.Bg5 Bxg5 30.Qxg6+ Kf8 31.Qxg5 Qc7 
32.Rd8+ Qxd8 33.Qxd8+ Kg7 34.Qxa5 b4 35.axb4 cxb4 
36.Qxb4 f4 37.c4 f3 38.c5 fxg2 39.c6 Kg6 40.Qd6+ 
Kg5 41.c7 Rf1+ 42.Kxg2 Rc1 43.Qd2+ 1-0

[Event "HCL-E1526"]
[Site "www.playchess.de"]
[Date "2006.01.20"]
[Round "20"]
[White "Matu"]
[Black "PLAYCHESS1963"]
[WhiteElo "1554"]
[BlackElo "1725"]
[PlyCount "55"]
[Result "1-0"]

1.Nf3 Nf6 2.b3 g6 3.Bb2 Bg7 4.g3 d6 5.Bg2 O-O 
6.O-O c6 7.e3 e5 8.d4 e4 9.Nfd2 d5 10.c4 Bg4 
11.Qc2 Qd7 12.Nc3 Bh3 13.Rac1 Bxg2 14.Kxg2 Na6 
15.a3 h6 16.b4 Nh7 17.b5 Ng5 18.bxa6 Qh3+ 19.Kh1 
Nf3 20.Nxf3 exf3 21.Rfg1 bxa6 22.cxd5 f5 23.dxc6 
Rfe8 24.Nd5 g5 25.Nc7 Bf8 26.Qc4+ Kh8 27.Nxe8 Rxe8 
28.Qf7 1-0

[Event "HCL-C4090"]
[Site "www.playchess.de"]
[Date "2006.01.20"]
[Round "8"]
[White "spartan1"]
[Black "nichju"]
[WhiteElo "928"]
[BlackElo "1003"]
[PlyCount "28"]
[Result "0-1"]

1.d4 d5 2.Nf3 Nc6 3.Bf4 f6 4.e3 Bf5 5.Bd3 e5 
6.Bxf5 exf4 7.c3 Bd6 8.Nbd2 Nge7 9.Bd3 Ng6 
10.Bxg6+ hxg6 11.Qb3 Na5 12.Qb5+ c6 13.Qxa5 Qxa5 
14.b4 {The only reason I did not resign on this 
move is to let you know that I realize I just made 
a VERY , VERY stupid move. Sorry I could not give 
you a better game.}  Qa3 0-1

[Event "HCL-A2551"]
[Site "www.playchess.de"]
[Date "2006.01.20"]
[Round "10"]
[White "KingGeorge"]
[Black "Mr_Bill"]
[WhiteElo "1581"]
[BlackElo "1633"]
[PlyCount "46"]
[Result "0-1"]

1.e4 e6 2.Qe2 d5 3.exd5 Qxd5 4.Nc3 Qa5 5.d4 c6 
6.g3 Nf6 7.Bg2 Be7 8.Nf3 O-O 9.O-O Nbd7 10.Bd2 Qb6 
11.Na4 Qc7 12.c4 h6 13.b4 Re8 14.Rfe1 b6 15.b5 
cxb5 16.Bf4 Qxc4 17.Nb2 Qxe2 18.Rxe2 Bb7 19.Nd3 
Rac8 20.h4 Nd5 21.Bd2 b4 22.Nfe5 Nxe5 23.dxe5 
Ba6 0-1

[Event "HCL-B3837"]
[Site "www.playchess.de"]
[Date "2006.01.20"]
[Round "1"]
[White "PhilipKaveny"]
[Black "Felipe_Lungov"]
[WhiteElo "1353"]
[BlackElo "1270"]
[PlyCount "97"]
[Result "1-0"]

1.e4 e6 2.d4 d5 3.e5 c5 4.Bb5+ Nc6 5.Bxc6+ bxc6 
6.Nf3 cxd4 7.Nxd4 Qb6 8.O-O Bc5 9.Nb3 Ba6 10.Nxc5 
Bxf1 11.Be3 Qxb2 12.Bd4 Qb5 13.Qxf1 Qxf1+ 14.Kxf1 
Ne7 15.Na6 O-O 16.Bc5 Ng6 17.Bxf8 Kxf8 18.Nc3 Nxe5 
19.Rb1 Nc4 20.Rb8+ Rxb8 21.Nxb8 Na3 22.Nxc6 a6 
23.Nb8 a5 24.Nc6 a4 25.Nxa4 Nxc2 26.Ke2 Ke8 27.Kd2 
Na3 28.Nd4 Nc4+ 29.Kc3 g5 30.Nc5 Ke7 31.a4 Kd6 
32.Ncb3 e5 33.Nb5+ Kc6 34.Kb4 f5 35.Na5+ Nxa5 
36.Kxa5 d4 37.Kb4 d3 38.Nc3 h5 39.Kc4 d2 40.Kd3 
d1Q+ 41.Nxd1 Kc5 42.f3 Kb4 43.Ne3 e4+ 44.fxe4 
fxe4+ 45.Kxe4 Kxa4 46.Kf5 Kb5 47.Kxg5 Kc5 48.Kxh5 
Kd4 49.g4 1-0

[Event "HCL-A2544"]
[Site "www.playchess.de"]
[Date "2006.01.20"]
[Round "1"]
[White "ippuli"]
[Black "FighterFights"]
[WhiteElo "1606"]
[BlackElo "1887"]
[PlyCount "66"]
[Result "0-1"]

1.e4 {Hi again! Good luck...}  c6 {Hi. Same to 
you...}  2.d4 d5 3.e5 Bf5 4.Nf3 h6 5.Nh4 {Merry 
christmas...}  Bh7 6.Bd3 Bxd3 7.Qxd3 e6 8.g3 c5 
9.dxc5 Nc6 10.Bf4 Bxc5 11.Nc3 g5 12.Ng6 
{Ooopsss...}  fxg6 13.Qxg6+ Kd7 14.Be3 Bxe3 
15.fxe3 Nge7 16.Qh5 Nxe5 17.O-O-O Qe8 18.Qe2 N5c6 
19.Ne4 Kc7 20.Nc5 Qg6 21.Qb5 b6 22.Na6+ Kd7 23.c4 
Qe4 24.Rhe1 Kd6 25.c5+ bxc5 26.Qxc5+ Kd7 27.Qb5 
Ke8 28.Nc7+ Kf7 29.Nxa8 Rxa8 30.Ref1+ Kg6 31.Qe2 
Rc8 32.Kd2 Qb4+ 33.Kd3 Ne5+ 0-1

[Event "HCL-C4043"]
[Site "www.playchess.de"]
[Date "2006.01.20"]
[Round "2"]
[White "IRONMAIDEN"]
[Black "daveboy6968"]
[WhiteElo "1442"]
[BlackElo "1014"]
[PlyCount "81"]
[Result "1-0"]

1.e4 {hi!}  e5 {hi and good luck :-)}  2.Nc3 {same 
to you, my friend}  d6 {many thanks :-)}  3.Bc4 f6 
4.d3 h5 5.Be3 b6 6.Nf3 Bg4 7.h3 Bd7 8.Qd2 Ne7 
9.O-O-O a6 10.Nh2 c5 11.Nd5 Nxd5 12.Bxd5 Bc6 
13.Bxc6+ Nxc6 14.a3 Be7 15.Nf3 g5 16.g4 hxg4 
17.hxg4 a5 18.Rxh8+ Bf8 19.Rdh1 Kd7 20.R1h7+ Ne7 
21.Rf7 Qc7 22.Rhxf8 Rxf8 23.Rxf8 Qc6 24.Qe1 b5 
25.Qh1 Qc7 26.Qh7 Kc6 27.Qf7 a4 28.Qe6 Ng6 29.Rc8 
Qxc8 30.Qxc8+ Kb6 31.b4 Ne7 32.Qd8+ Kc6 33.Qxe7 c4 
34.Qe6 Kc7 35.Qxf6 Kd7 36.Nxg5 Kc7 37.Nf7 Kd7 
38.Qxd6+ Ke8 39.Nxe5 c3 40.Qd7+ Kf8 
41.Qf7+ 1-0

[Event "HCL-B3833"]
[Site "www.playchess.de"]
[Date "2006.01.20"]
[Round "9"]
[White "Skipper_Robert"]
[Black "GMO"]
[WhiteElo "1044"]
[BlackElo "1316"]
[PlyCount "72"]
[Result "0-1"]

1.d4 d5 2.Nc3 Nf6 3.e3 e6 4.Bd3 Be7 5.Qf3 a6 6.Bd2 
O-O 7.O-O-O h6 8.Re1 b5 9.Nb1 Nc6 10.c3 e5 11.h3 
e4 12.Qe2 exd3 13.Qxd3 Ne4 14.Qe2 Bh4 15.g3 Bxg3 
16.Nf3 Bxf2 17.Ref1 Bh4 18.Rh2 Ng3 19.Qg2 Nxf1 
20.Qxf1 Na5 21.Rg2 Bxh3 22.Nxh4 Qxh4 23.Qg1 Bxg2 
24.Qxg2 c6 25.Qg1 Rae8 26.Be1 Qe4 27.Bf2 Re6 
28.Nd2 Qg6 29.Qh2 Rfe8 30.Qc7 Nc4 31.Nxc4 dxc4 
32.Qd7 R6xe3 33.Kd1 Rd3+ 34.Kc1 Qg5+ 35.Kc2 Qd2+ 
36.Kb1 Qd1+ 0-1

[Event "HCL-B3751"]
[Site "www.playchess.de"]
[Date "2006.01.20"]
[Round "6"]
[White "bob19"]
[Black "wedi"]
[WhiteElo "1430"]
[BlackElo "1157"]
[PlyCount "50"]
[Result "1/2-1/2"]

1.d4 g6 2.c4 Bg7 3.Nf3 c6 4.Nc3 d5 5.c5 b6 6.b4 
Nd7 7.Bf4 e6 8.e3 f5 9.Be2 bxc5 10.bxc5 Ngf6 
11.Bd6 Qa5 12.Qc2 Ne4 13.Rc1 Nxd6 14.cxd6 O-O 
15.O-O Ba6 16.Bxa6 Qxa6 17.Ng5 Rae8 18.Na4 Bf6 
19.f4 h6 20.Nf3 Rec8 21.Ne5 Bxe5 22.fxe5 Kg7 
23.Nc5 Nxc5 24.Qxc5 Rf7 25.a3 Rd7 {(offering 
draw)}  1/2-1/2

[Event "HCL-C4006"]
[Site "www.playchess.de"]
[Date "2006.01.20"]
[Round "20"]
[White "Farquhart"]
[Black "Jerry2005"]
[WhiteElo "349"]
[BlackElo "1429"]
[PlyCount "64"]
[Result "0-1"]

1.e4 e5 2.d3 Bc5 3.Be3 d6 4.c3 Nf6 5.Qa4+ Nc6 6.d4 
exd4 7.cxd4 Bb4+ 8.Bd2 Bxd2+ 9.Nxd2 Bd7 10.Ngf3 
O-O 11.h4 a6 12.Rc1 Ne5 13.Qb3 Nxf3+ 14.gxf3 b6 
15.Rg1 Nh5 16.d5 Qxh4 17.Rxc7 Rfd8 18.Qc3 Rac8 
19.Rc4 Rxc4 20.Qxc4 b5 21.Qd4 Rc8 22.Be2 f6 23.Qb6 
Qh2 24.Rf1 Bh3 25.Qxa6 Rc1+ 26.Bd1 Bxf1 27.Qa8+ 
Kf7 28.Qb7+ Kg6 29.Qxb5 Bxb5 30.Nb3 Qg1+ 31.Kd2 
Qxd1+ 32.Ke3 Qd3+ 0-1

[Event "HCL-A2554"]
[Site "www.playchess.de"]
[Date "2006.01.20"]
[Round "35"]
[White "Sobral"]
[Black "mrchess"]
[WhiteElo "1701"]
[BlackElo "1437"]
[PlyCount "40"]
[Result "0-1"]

1.d4 d5 2.c4 {Hello from Sao Paulo, Brazil. 
Regards.}  e6 3.Nc3 Nf6 4.cxd5 exd5 5.Bg5 Be6 6.e3 
Be7 7.Nf3 Nbd7 8.Be2 c6 9.O-O O-O 10.Rc1 Bf5 
11.Nh4 Be6 12.f4 Qb6 13.Na4 Qc7 14.f5 Bd6 15.Bf4 
Bxf4 16.exf4 Ne4 17.fxe6 fxe6 18.Nc3 Rxf4 19.Rxf4 
Qxf4 20.Nf3 Qe3+ 0-1

[Event "HCL-B3678"]
[Site "www.playchess.de"]
[Date "2006.01.20"]
[Round "6"]
[White "ppadala"]
[Black "bossjos"]
[WhiteElo "1244"]
[BlackElo "1261"]
[PlyCount "61"]
[Result "1-0"]

1.e4 e5 2.Nc3 Nc6 3.f4 exf4 4.Nf3 Bb4 5.Bc4 Nf6 
6.e5 Bxc3 7.dxc3 Ne4 8.Bxf4 O-O 9.Qe2 Nc5 10.O-O-O 
Ne6 11.Bg3 Qe7 12.h4 b6 13.Bf2 Bb7 14.g4 Rad8 
15.g5 Nf4 16.Qe4 Ng6 17.Bg3 Na5 18.Bd5 Bxd5 
19.Qxd5 c6 20.Qe4 d5 21.Qg4 Nc4 22.Rde1 Qc5 23.h5 
Ne7 24.e6 fxe6 25.Qxe6+ Kh8 26.Ne5 Qb5 27.Nxc4 
Qxc4 28.Qxe7 Qxa2 29.h6 Rfg8 30.hxg7+ Rxg7 
31.Qxd8+ 1-0

[Event "HCL-B3785"]
[Site "www.playchess.de"]
[Date "2006.01.20"]
[Round "34"]
[White "mrchess"]
[Black "evets"]
[WhiteElo "1440"]
[BlackElo "1445"]
[PlyCount "70"]
[Result "0-1"]

1.d4 {good luck}  e6 2.e3 c5 3.c3 d5 4.Bd3 Nc6 
5.Nd2 Nf6 6.f4 Bd6 7.Ngf3 c4 8.Bc2 b5 9.Ne5 Bb7 
10.O-O Ne7 11.Rf3 Bxe5 12.fxe5 Nd7 13.Rf4 f6 
14.Qh5+ g6 15.Qh6 fxe5 16.Rg4 Nf5 17.Qh3 Nf6 
18.dxe5 Nxg4 19.Qxg4 Nxe3 20.Bxg6+ hxg6 21.Qxg6+ 
Kd7 22.Qg3 Nf5 23.Qf2 Qg5 24.Nf3 Qh5 25.Bf4 Rag8 
26.Qxa7 Kc6 27.Qf2 Nh6 28.Nd4+ Kd7 29.g3 Ng4 
30.Qe2 Qxh2+ 31.Qxh2 Rxh2 32.b4 Rgh8 33.Rc1 Rxa2 
34.Nxb5 d4 35.Nxd4 Rh1+ 0-1

[Event "HCL-A2496"]
[Site "www.playchess.de"]
[Date "2006.01.20"]
[Round "6"]
[White "Marius_sah"]
[Black "MBartl"]
[WhiteElo "1406"]
[BlackElo "1490"]
[PlyCount "66"]
[Result "0-1"]

1.e4 {Hi. Good luck!}  e5 {have fun!}  2.Nf3 Nf6 
3.Nxe5 d6 4.Nf3 Nxe4 5.d4 d5 6.Bd3 Bg4 7.O-O Bd6 
8.c4 c6 9.cxd5 cxd5 10.Nc3 Nxc3 11.bxc3 O-O 12.h3 
Bh5 13.Qc2 Bg6 14.Bxg6 fxg6 15.Qb3 Kh8 16.Qxb7 Nd7 
17.Qxd5 Nf6 18.Qc4 Rc8 19.Qd3 Nd5 20.Bd2 Bf4 
21.Bxf4 Nxf4 22.Qd2 Nxh3+ 23.Kh1 Qd5 24.Ne5 Rf5 
25.f3 Rxe5 26.gxh3 Rf5 27.Qe3 Rcf8 28.Kg2 R5f4 
29.Qe5 Qd8 30.Rab1 R4f5 31.Qe3 Re8 32.Qd2 Qh4 
33.Qe3 Rg5+ 0-1

[Event "HCL-B3650"]
[Site "www.playchess.de"]
[Date "2006.01.20"]
[Round "10"]
[White "Thrustnicely"]
[Black "Genesio"]
[WhiteElo "952"]
[BlackElo "1071"]
[PlyCount "128"]
[Result "1/2-1/2"]

1.e4 {Hi}  c5 2.e5 e6 3.h4 d5 4.exd6 Qxd6 5.c4 Nf6 
6.d3 Be7 7.Qf3 O-O 8.Bf4 e5 9.Bg5 Bg4 10.Qxb7 Nc6 
11.Bxf6 Bxf6 12.Nc3 Rfb8 13.Qa6 Rb6 14.Ne4 Rxa6 
15.Nxd6 Nd4 16.Kd2 Rxd6 17.Re1 Rb8 18.b3 a5 19.f3 
Be6 20.g4 a4 21.g5 Bxg5+ 22.hxg5 axb3 23.axb3 
Nxb3+ 24.Kc3 Rb4 25.Rxe5 g6 26.Bh3 Bxh3 27.Nxh3 f6 
28.Re8+ Kf7 29.Rhe1 Rd7 30.gxf6 Rb6 31.Ng5+ Kxf6 
32.R1e6+ Rxe6 33.Nxe6 Re7 34.Rxe7 Kxe7 35.Nf4 Nd4 
36.Nd5+ Kd6 37.f4 {Once again it's a good game - 
but who will win ??}  Ke6 {I dont' know... maybe 
me?}  38.Kd2 Kf5 39.Ke3 h5 40.Nc3 h4 41.Ne4 Ne6 
42.Kf3 Nd4+ 43.Kg2 Kg4 44.Nxc5 Kxf4 45.Na4 g5 
46.Nc3 g4 47.c5 h3+ 48.Kh2 Nf3+ 49.Kh1 g3 50.Ne2+ 
Kg4 51.Nxg3 Kxg3 52.c6 Ne5 53.c7 Nxd3 54.c8Q Nf2+ 
55.Kg1 h2+ 56.Kf1 h1Q+ 57.Ke2 Qd1+ 58.Ke3 Qf3+ 
59.Kd4 Qf4+ 60.Kd5 Qe4+ 61.Kd6 Qf4+ 62.Ke7 
{(offering draw)}  Qg5+ {Not for moment, maybe to 
late...}  63.Kd7 {"Thrust can wait" :-)}  Ne4 
64.Qc7+ Qf4 {(offering draw) Ok man... draw...} 
 1/2-1/2

[Event "HCL-T247"]
[Site "www.playchess.de"]
[Date "2006.01.20"]
[Round "8"]
[White "richard"]
[Black "Cramneck"]
[WhiteElo "1748"]
[BlackElo "1927"]
[PlyCount "47"]
[Result "1-0"]

1.d4 f5 2.c4 Nf6 3.g3 e6 {Hi. Good to meet you 
again.}  4.Bg2 {same}  Be7 5.Nc3 O-O 6.Qb3 
{PASSIVE NOT}  c6 {Agreed.}  7.Nf3 d5 8.O-O Nbd7 
9.a4 Ne4 10.Ne1 g5 11.a5 Kh8 12.Nxe4 fxe4 13.f3 
Bf6 14.Nc2 exf3 15.Bxf3 Qe7 16.Bd2 dxc4 17.Qxc4 c5 
18.Bc3 cxd4 19.Bb4 Qg7 20.Bxf8 Nxf8 21.a6 e5 
22.axb7 Bxb7 23.Bxb7 Qxb7 24.Rxf6 1-0

[Event "HCL-B3837"]
[Site "www.playchess.de"]
[Date "2006.01.20"]
[Round "9"]
[White "Varaboca"]
[Black "Skipper_Robert"]
[WhiteElo "1006"]
[BlackElo "1016"]
[PlyCount "96"]
[Result "0-1"]

1.e4 e5 2.Nf3 d5 3.Bb5+ c6 4.Bd3 f6 5.exd5 Qxd5 
6.Nc3 Qe6 7.O-O Bd6 8.Re1 Nh6 9.Ne4 Nf5 10.Nxd6+ 
Nxd6 11.b3 O-O 12.Nh4 g6 13.Re3 Qd5 14.Bb2 e4 
15.c4 Qg5 16.Nf3 exf3 17.Rxf3 Bg4 18.Be2 Na6 
19.Rg3 Bxe2 20.Qxe2 Qh4 21.Re3 Nb4 22.Qd1 Nf5 
23.Rh3 Qe4 24.d3 Qf4 25.Ba3 a5 26.g3 Qd4 27.g4 Nd6 
28.Rg3 Rae8 29.Rb1 f5 30.Bb2 Qf4 31.Bc1 Qe5 32.Re3 
Qf6 33.Rxe8 Rxe8 34.Qf3 Re1+ 35.Kg2 Nc2 36.Qf4 Nd4 
37.Qd2 Qe5 38.Qb2 fxg4 39.Bd2 Re2 40.Rh1 N6f5 
41.Qc1 g3 42.Bf4 Nh4+ 43.Kxg3 Ndf5+ 44.Kh3 Qe6 
45.Rf1 Nf3 46.Kg2 N5h4+ 47.Kh1 Qh3 48.Bg3 
Qg2+ 0-1

[Event "HCL-A2526"]
[Site "www.playchess.de"]
[Date "2006.01.20"]
[Round "14"]
[White "Marius_sah"]
[Black "zemljanin"]
[WhiteElo "1403"]
[BlackElo "1386"]
[PlyCount "58"]
[Result "0-1"]

1.e4 {Hi. Good luck!}  c5 {Hello to you too}  
2.Nf3 Nc6 3.d4 cxd4 4.Nxd4 e5 5.Nb5 d6 6.N1c3 a6 
7.Na3 b5 8.Nd5 Nf6 9.Bd3 Nxd5 10.exd5 Nb4 11.O-O 
Nxd3 12.Qxd3 f5 13.f3 Be7 14.c3 O-O 15.Nc2 f4 
16.Nb4 Bb7 17.b3 a5 18.Nc2 Ba6 19.Bb2 Bh4 20.Rac1 
Rf6 21.a3 Qb6+ 22.Kh1 Raf8 23.b4 a4 24.Ne1 Rh6 
25.Qe4 Bg3 26.h3 Bc8 27.c4 Bxh3 28.c5 Qd8 29.gxh3 
Qh4 0-1

[Event "HCL-A2540"]
[Site "www.playchess.de"]
[Date "2006.01.20"]
[Round "17"]
[White "tiit145"]
[Black "jjn2"]
[WhiteElo "1475"]
[BlackElo "1772"]
[PlyCount "22"]
[Result "0-1"]

1.Nh3 d5 2.g3 e5 3.Bg2 Nc6 4.e3 Bf5 5.Nc3 {Happy 
New Year! Tiit}  Qd7 {Best wishes for 2006! 
John
}  6.Ng5 {Hello!Thank}  Be7 7.h4 h6 8.Nxf7 
{Hello!Happy New Year! Tiit}  Kxf7 9.e4 dxe4 
10.Bxe4 Nf6 11.Bxf5 Qxf5 0-1

[Event "HCL-B3782"]
[Site "www.playchess.de"]
[Date "2006.01.20"]
[Round "19"]
[White "Wilmy"]
[Black "Herbert_Pjede"]
[WhiteElo "1217"]
[BlackElo "1379"]
[PlyCount "44"]
[Result "0-1"]

1.e4 {Hallo aus Berlin, viel Spaß und Glück!}  e5 
2.Nf3 Nf6 3.Bc4 Nxe4 4.Qe2 d5 5.Bb3 Nc6 6.d3 Nc5 
7.Nxe5 Nd4 8.Qe3 Ncxb3 9.O-O Nxc2 10.Qe2 Nbd4 
11.Qd2 {Guten Rutsch ins Neue Jahr!}  Nxa1 12.Re1 
Be6 13.Qc3 Nac2 14.Kf1 Bb4 15.Qxb4 {Na bitte, sehr 
schön gespielt! Gratuliere und wünsche weiterhin 
schöne schachliche Erfolge in 2006.
Sehr bald werde ich aufgeben.}  Nxb4 16.Be3 Ndc2 
17.Re2 Qd6 18.Bf4 Nd4 19.a3 Nxe2 20.Kxe2 Nc6 
21.Ng6 Bg4+ 22.f3 Qxg6 0-1

[Event "HCL-B3774"]
[Site "www.playchess.de"]
[Date "2006.01.20"]
[Round "9"]
[White "nichju"]
[Black "Wilmy"]
[WhiteElo "1007"]
[BlackElo "1217"]
[PlyCount "68"]
[Result "0-1"]

1.e4 {Hallo Wilmy}  e5 {Hallo aus Berlin, nichju!} 
 2.Nc3 Nf6 3.Nf3 Bc5 4.Bc4 d6 5.d3 Ng4 6.Ng5 Bxf2+ 
7.Kf1 Be3 8.Bxf7+ Kf8 9.Nd5 Bxg5 10.Qf3 Bf6 
11.Nxf6 Nxf6 12.Bg5 Kxf7 13.Kf2 Nbd7 14.Rhf1 c6 
15.Kg1 Qb6+ 16.Be3 Qxb2 {Frohes Neues Jahr!}  
17.c4 {Guten Rutsch!}  Nc5 {Ein frohes und 
gesundes Neues Jahr, und viel Schachvergnügen!}  
18.Bg5 {Ebenso einen guten Rutsch und vielleicht 
schaffe ich es ja im nächsten Jahr, Dich im Schach 
zu schlagen :-)}  Bg4 {Danke! Und vor Schlägen ist 
kein Schachspieler wirklich sicher. 
:-)
Vor dem gelegentlichen Geschlagenwerden auch 
nicht. Erst wenn Leute kommen und einen in einen 
schwarzes unauffälliges Flugzeug ohne Kennzeichen 
schieben, wird es wirklich ernst}  19.Qg3 Be2 
20.Rxf6+ Kg8 21.Bh6 Qxa1+ 22.Kf2 Qf1+ 23.Ke3 Qxf6 
24.Kxe2 Qxh6 25.Qg4 Qe6 26.Qf3 Rf8 27.Qh5 Qf6 
28.Kd2 Qf2+ 29.Kc3 Qd4+ 30.Kb4 Nxd3+ 31.Kb3 Nc1+ 
32.Kc2 Qxc4+ 33.Kd1 Rf1+ 34.Kd2 
Qd3+ 0-1

[Event "HCL-E1537"]
[Site "www.playchess.de"]
[Date "2006.01.20"]
[Round "5"]
[White "Roberto_Sammi"]
[Black "temple"]
[WhiteElo "2019"]
[BlackElo "1727"]
[PlyCount "20"]
[Result "0-1"]

1.c4 Nf6 2.Nc3 g6 3.g3 Bg7 {Happy New Year!}  
4.Bg2 {Hi, Happy New Year!}  O-O 5.d4 d6 6.Nf3 
Nbd7 7.O-O e5 8.dxe5 dxe5 9.Bg5 h6 10.Bxf6 
Qxf6 0-1

[Event "ACL-M065"]
[Site "www.playchess.de"]
[Date "2006.01.21"]
[Round "24"]
[White "Goofy"]
[Black "chessnuts"]
[WhiteElo "1932"]
[BlackElo "1861"]
[PlyCount "76"]
[Result "1/2-1/2"]

1.d4 Nf6 {Hi.. good game}  2.c4 {Hi, same to you! 
;o))}  g6 3.Nc3 Bg7 4.e4 d6 5.f3 O-O 6.Be3 e5 
7.Nge2 Na6 8.Qd2 c6 9.O-O-O Be6 10.d5 cxd5 11.Nxd5 
Rc8 12.Nec3 Bxd5 13.cxd5 Nc5 14.Kb1 a6 15.Rc1 b5 
16.b4 Ncd7 17.Bd3 Nb6 18.Ne2 Nc4 19.Bxc4 bxc4 
20.g4 Qd7 21.h4 Rcb8 22.Ka1 Rfc8 23.h5 Rb7 24.Rcb1 
Rcb8 25.Rhc1 Qc8 26.Qc3 Rc7 27.Rch1 Nd7 28.g5 Nb6 
29.a3 Na4 30.Qc2 Qd7 31.Ka2 c3 32.Rb3 Qb5 33.Ka1 
a5 34.hxg6 fxg6 35.Nxc3 Qe8 36.b5 Rxc3 37.Rxc3 
Nxc3 38.Qxc3 Qxb5 {(offering draw)} 
 1/2-1/2

[Event "HCL-M877"]
[Site "www.playchess.de"]
[Date "2006.01.21"]
[Round "3"]
[White "Maccdavid"]
[Black "DePoelmeester"]
[WhiteElo "1637"]
[BlackElo "1662"]
[PlyCount "44"]
[Result "0-1"]

1.e4 {Hi and good luck}  e5 {the same 2 u!}  2.Nf3 
Nc6 3.d4 exd4 4.Nxd4 Bc5 5.Nb3 Bb6 6.a4 Qh4 7.Qe2 
d6 8.g3 Qg4 9.Qxg4 Bxg4 10.Bg2 a5 11.O-O Be6 
12.N1d2 Nf6 13.e5 dxe5 14.Ne4 Nxe4 15.Bxe4 f5 
16.Bxc6+ bxc6 17.Re1 e4 18.Be3 Bxb3 19.cxb3 O-O-O 
20.Rac1 Kb7 21.Rc2 Rd3 22.Rec1 
Rxe3 0-1

[Event "HCL-B3826"]
[Site "www.playchess.de"]
[Date "2006.01.21"]
[Round "7"]
[White "foinaven"]
[Black "dynamike"]
[WhiteElo "1423"]
[BlackElo "1610"]
[PlyCount "37"]
[Result "1-0"]

1.d4 {Happy new year}  Nf6 2.c4 g6 3.Nc3 d5 4.Nf3 
Bg7 5.Qb3 O-O 6.cxd5 c6 7.dxc6 Nxc6 8.e3 Bg4 9.Be2 
Qd7 10.O-O Rfe8 11.Rd1 Qc7 12.e4 Rad8 13.Be3 Bc8 
14.h3 Bd7 15.Rac1 Qc8 16.e5 Nh5 17.Ng5 e6 18.Bxh5 
gxh5 19.f4 1-0

[Event "HCL-A2483"]
[Site "www.playchess.de"]
[Date "2006.01.21"]
[Round "8"]
[White "Chascarrillo"]
[Black "saemi"]
[WhiteElo "2091"]
[BlackElo "1673"]
[PlyCount "64"]
[Result "1/2-1/2"]

1.e4 e5 {Hello from Iceland}  2.Nf3 {Hi from 
Seattle, Washington!}  Nc6 3.Bb5 a6 4.Ba4 Nf6 
5.O-O Be7 6.Re1 b5 7.Bb3 O-O 8.c3 d6 9.h3 Na5 
10.Bc2 c5 11.d4 Qc7 12.Nbd2 Nc6 13.d5 Nd8 14.a4 
Bb7 15.b4 cxb4 16.cxb4 Rc8 17.Bd3 Qc3 18.Ra3 Qxb4 
19.axb5 Rc3 20.Rxc3 Qxc3 21.bxa6 Qxd3 22.axb7 Nxb7 
23.Re3 Qb5 24.Ne1 Nc5 25.Qe2 Qxe2 26.Rxe2 Ra8 
27.f3 Ra1 28.Bb2 Ra2 29.Nc4 Nfd7 30.Kf1 Bh4 31.Bc3 
Rxe2 32.Kxe2 Be7 {(offering draw)} 
 1/2-1/2